Bernard Wheble discusses case studies on documentary credits ernard Whebleedited by Abdul Latiff and Abd. Rahim

Bibliographic Details
Main Author: Wheble, Bernard
Corporate Author: Malaysia
Other Authors: Abdul Latiff, Abdul Rahim
Format: Book
Published: Kuala Lumpur : Institut Bank-Bank Malaysia , 1992
Subjects:

MARC

LEADER 00000cam a2200000 7i4500
001 0000003819
002 000004118
005 20000330.0
020 |a T000000319 
090 0 0 |a 332.76   |b WHE 
100 1 |a Wheble, Bernard 
110 1 |a Malaysia   |c Institut Bank-bank 
245 1 0 |a Bernard Wheble discusses case studies on documentary credits ernard Whebleedited by Abdul Latiff and Abd. Rahim 
260 |a Kuala Lumpur :   |b Institut Bank-Bank Malaysia ,   |c 1992 
300 |a 35p. ;   |c 21cm. 
650 0 0 |a Documentary credits   |z Malaysia 
700 0 |a Abdul Latiff 
700 0 |a Abdul Rahim 
999 |a 037201   |b BUKU   |c MALAYSIANA   |e PERPUSTAKAAN KOMUNITI PETALING JAYA 
999 |a 037202   |b BUKU   |c PINJAMAN   |e PERPUSTAKAAN KOMUNITI PETALING JAYA